000 00594nam a2200193Ia 4500
005 20250508164924.0
008 008 250505s9999 xx 000 0 eng d
037 _aDissertations
040 _aFEDL
_beng
_cFEDL
041 _aeng
_2eng
084 _a370.193 12, ARO/DI
_qFEDL
100 _aArora Rajni
245 0 _aEvaluative study of the functioning of parent - teacher association in some schools of Delhi
260 _c1996
300 _a75p.
546 _aM.Ed Dissertation (Delhi University)
942 _cDIS
_h370.193 12, ARO/DI
999 _c1392041
_d1392041